000 00286nam a2200109Ia 4500
008 200302s9999 xx 000 0 und d
100 _aPhilip Jodidio & Other
245 _aI.M.P.E Complete Works
260 _bRizzoli International Publications, Inc.
260 _c2008
300 _a367 P.,
999 _c2964
_d2964